000 00655nam a2200169 a 4500
001 BRCA_1268
005 20190320203344.0
008 171105s2003----mx-a---###---#000-0#spa-d
050 4 _aN5230
_b.M37 2003
245 1 0 _aMaravillas y curiosidades
_bmundos inéditos de la Universidad
_cAntiguo Colegio de San Ildefonso.
260 _aMéxico
_bUNAM : CONACULTA
_c2003
300 _a30 p.
_bil.
_c20 cm.
500 _aCatálogo de la exposición realizada en el Antiguo Colegio de San Ildefonso (Ciudad de México), octubre - marzo, 2003
500 _aIncluye índice de foto
650 1 4 _aColeccionistas y colecciones
_xHistoria
_zMéxico
_93606
942 _2lcc
_cB
999 _c1137
_d1137